000
nam a22 7a 4500
999
_c
232874
_d
232874
003
Nust
005
20170224111238.0
008
170224b xxu||||| |||| 00| 0 eng d
020
_a
978-93-80179-34-6
040
_c
ASAB
082
_a
631.4 DEE
245
_a
crop protection and environment
_c
Drick Deep
300
_a
304 P
942
_2
ddc
_c
BK